000 00935nam a22002897a 4500
001 5764
003 FISKH
005 20250502091252.0
008 250121b cb ||||| |||| 00| 0 eng d
020 _a9780590100571
040 _aFISKH
_beng
_cFISKH
_dFISKH
050 _aGE195.B36
082 _a363.7
100 _aBang, Molly
_d(1943-)
245 _aCommon ground: The water, earth, and air we share /
_cMolly Bang
250 _aThis edition published in 1997.
260 _aNew York :
_bScholastic,
_c1997.
300 _a30 pages :
_bcolor illustrations ;
_c28 cm
505 _aR
520 _aImagines a village in which there are too many people consuming shared resources and discusses the challenge of handling our world's environment safely.
521 8 _a740
_bLexile
521 8 _aR
_bRaz-Plus
650 _2Environment
_aConservation
650 _2Water
_aScience
942 _2ddc
_cBK
_n0
999 _c5764
_d5764